000 00681nam a2200181 i 4500
001 145796
003 ES-MaACL
005 20230906201322.0
007 t|
008 071017s1960 sp ||||1| spa d
245 0 0 _aVerbum Vitae
_b: la palabra de Cristo : repertorio de texto para el estudio de las homilías dominicales y festivas /
_celaborado por una comisión de autores bajo la dirección de Ángel Herrera Oria.
260 _aMadrid :
_bBiblioteca de Autores Cristianos,
_c1960.
300 _aXXVIII, 746 p. ;
_c20 cm.
505 8 _aTomo I
700 1 _aHerrera Oria, Ángel,
_d1886-1968
_963232
852 _aES-MaACL
_jE-4185
_bR.53023
999 _c145796
_d145796